T'choupi est malade
<< Retourner aux résultats de la recherche
| Auteur principal : | Thierry Courtin |
|---|---|
| Titre : | T'choupi est malade |
| Support : | Livres |
| Langue : | Francais |
| Publié : |
DL 1999 Nathan Paris |
| Genre : |
Album |
| Collection : |
T'choupi, l'ami des petits |
| Sujets : | |
| Étiquettes : |
Pas de tags
|
| LEADER | 00802nam0a2200205 450 | ||
|---|---|---|---|
| 001 | 16868165 | ||
| 010 | |a 2-09-202046-3 |b rel. | ||
| 100 | |a 20260328d2026 u u0frey01 ba | ||
| 101 | 0 | |a fre | |
| 102 | |a FR | ||
| 200 | 0 | |a T'choupi est malade |f illustrations de Thierry Courtin | |
| 207 | 1 | |a | |
| 210 | |a Paris |b 9 rue Mechain. |c Nathan |d DL 1999 | ||
| 215 | |a 1 vol. (non paginé [21] p.) |c ill. en coul., couv. ill. en coul. |d 17 cm | ||
| 225 | 1 | |a T'choupi, l'ami des petits |v 20 | |
| 330 | |a Ce matin, T'choupi ne se sent pas bien. Maman appelle le médecin, mais T'choupi n'a pas très envie de le voir ! | ||
| 700 | 0 | |a Courtin |b Thierry |c Auteur du texte |f 1954-.... |4 70 | |
| 900 | |a Album | ||
| 901 | |a Jeunesse | ||
| 995 | |a Médiathèque |c Médiathèque |f 089021809 |h 089021809 |k A COU BB |o p |q j |r az |e Médiathèque | ||